Lyrics - Midwest Indigo - Statistics

General Stats
  • This quiz has been taken 3 times
  • The average score is 140 of 248
Answer Stats
Hint Lyrics % Correct
a
100%
and
100%
Outro And
100%
be
100%
can
100%
cold,
100%
cold
100%
home
100%
I
100%
in
100%
Indigo
100%
Midwest
100%
so
100%
yet?
100%
yet)
100%
You
100%
you
100%
again
50%
away
50%
cancelled
50%
Concentrate
50%
Pre-Chorus Did
50%
didn't
50%
guess
50%
have
50%
he
50%
I'll
50%
I'm
50%
into
50%
It's
50%
it's
50%
late
50%
make
50%
me
50%
my
50%
myself
50%
(Not
50%
on
50%
out
50%
out,
50%
pull
50%
Chorus | Intro Reachin'
50%
run
50%
Verse 1 Running
50%
sad
50%
second-
50%
the
50%
time
50%
time?
50%
try
50%
up
50%
way
50%
we're
50%
with
50%
about
0%
as
0%
barely
0%
been
0%
before
0%
bit
0%
blue,
0%
by
0%
chances
0%
Chill
0%
Verse 2 Cloud
0%
counsel
0%
counselor
0%
coverage
0%
days
0%
deeper
0%
different
0%
ETA?
0%
forget
0%
frosted
0%
gap
0%
heat
0%
ice
0%
kicks
0%
knife
0%
like
0%
little
0%
lot
0%
love
0%
man,
0%
matched
0%
minutes)
0%
old
0%
our
0%
outfit
0%
parking
0%
pulling
0%
requested
0%
right
0%
scrape
0%
scrapin'
0%
seems
0%
sunny
0%
than
0%
That
0%
tight
0%
To
0%
to
0%
too
0%
twice
0%
(Two
0%
want
0%
Pre-Chorus What's
0%
wide
0%
windshield
0%
your
0%
No matching quizzes found
Score Distribution
Percent of People with Each Score
Percentile by Number Answered
Your Score History
You have not taken this quiz